Countries that have non-diplomatic representation with Taiwan (ROC) - Statistics

General Stats
  • This quiz has been taken 47 times
  • The average score is 45 of 54
Answer Stats
Continent Country % Correct
Europe United Kingdom
100%
Europe Italy
97%
Europe Spain
97%
Europe Belgium
93%
Europe Finland
93%
Europe France
93%
Asia India
93%
Asia Indonesia
93%
Europe Netherlands
93%
Europe Russia
93%
Asia South Korea
93%
Europe Sweden
93%
Oceania Australia
90%
Americas Canada
90%
Europe Germany
90%
Europe Greece
90%
Americas Mexico
90%
Oceania New Zealand
90%
Asia Philippines
90%
Europe Poland
90%
Asia Saudi Arabia
90%
Asia Thailand
90%
Americas United States
90%
Europe Austria
86%
Americas Brazil
86%
Europe Denmark
86%
Asia Israel
86%
Asia Singapore
86%
Europe Slovakia
86%
Africa South Africa
86%
Europe Switzerland
86%
Americas Argentina
83%
Europe Czech Republic
83%
Europe Hungary
83%
Europe Latvia
83%
Europe Lithuania
83%
Asia Oman
83%
Asia Turkey
83%
Asia Vietnam
83%
Americas Chile
79%
Americas Colombia
79%
Europe Estonia
79%
Asia Myanmar
79%
Oceania Papua New Guinea
79%
Americas Peru
79%
Asia Malaysia
76%
Africa Nigeria
76%
Asia Brunei
72%
Asia Mongolia
72%
Asia Jordan
69%
Europe Luxembourg
69%
*Africa Somaliland
45%
*Asia Hong Kong
31%
*Asia Macau
31%
No matching quizzes found
Score Distribution
Percent of People with Each Score
Percentile by Number Answered
Your Score History
You have not taken this quiz